[Event "ESP-chT Rapid"]
[Site "Toledo"]
[Date "2022.09.24"]
[Round "2"]
[White "Martinez Soriano, Javier"]
[Black "Garrido Outon, Alex"]
[Result "1/2-1/2"]
[WhiteElo "2044"]
[BlackElo "2411"]
[PlyCount "99"]
[EventDate "2022.09.24"]
[EventType "team-swiss (rapid)"]
[EventRounds "9"]
[EventCountry "ESP"]
[SourceTitle "CBM 210 Extra"]
[Source "ChessBase"]
[SourceDate "2022.11.30"]
[SourceVersion "1"]
[SourceVersionDate "2022.11.30"]
[SourceQuality "1"]
[WhiteTeam "Costa Calida II"]
[BlackTeam "Extremadura Magic"]
[WhiteTeamCountry "ESP"]
[BlackTeamCountry "ESP"]

1. e4 d6 2. d4 Nf6 3. Nc3 Nbd7 4. Nf3 e5 5. a4 Be7 6. Bd3 0-0 7. 0-0 c6 8. b3 b6 9. Bb2 a6 10. Ne2 Qc7 11. Ng3 g6 12. Qd2 Bb7 13. Rfe1 Rfe8 14. Rad1 Bf8 15. c4 Bg7 16. h3 exd4 17. Bxd4 Ne5 18. Be2 c5 19. Bxe5 dxe5 20. Bd3 Rad8 21. Qc2 Nd7 22. Nf1 Nf8 23. Ne3 Ne6 24. Nd5 Qd6 25. Bf1 Nd4 26. Nxd4 cxd4 27. Qd2 Bf8 28. Bd3 Rc8 29. g3 a5 30. Rf1 h5 31. f4 Bxd5 32. cxd5 Rc3 33. f5 Rxb3 34. Rc1 Rc3 35. Rxc3 dxc3 36. Qxc3 Qc5+ 37. Qxc5 Bxc5+ 38. Kg2 Kg7 39. Bb5 Rc8 40. Bc6 Rd8 41. g4 hxg4 42. hxg4 Rh8 43. Rd1 Rd8 44. Rb1 Kf6 45. Rh1 gxf5 46. gxf5 Rg8+ 47. Kf3 Ke7 48. Bb5 Bd6 49. Bc6 Bc5 50. Bb5 1/2-1/2

[Event "EU-ch U14"]
[Site "Bratislava"]
[Date "2019.08.06"]
[Round "5"]
[White "Krivenko, Dion"]
[Black "Martinez Soriano, Javier"]
[Result "1-0"]
[WhiteElo "1810"]
[BlackElo "1992"]
[PlyCount "55"]
[EventDate "2019.08.02"]
[EventType "swiss"]
[EventRounds "9"]
[EventCountry "SVK"]
[SourceTitle "EXT 2020"]
[Source "ChessBase"]
[SourceDate "2019.10.17"]
[SourceVersion "1"]
[SourceVersionDate "2019.10.17"]
[SourceQuality "1"]

1. e4 e6 2. Qe2 c5 3. Nf3 Nc6 4. g3 g6 5. Bg2 Bg7 6. h4 h5 7. 0-0 Nge7 8. d3 0-0 9. c3 b5 10. Be3 d6 11. d4 cxd4 12. cxd4 d5 13. e5 a5 14. Rc1 Ba6 15. Bg5 Qb6 16. Bh3 Rfc8 17. Nbd2 a4 18. Qe3 Ra7 19. Bf6 Nb4 20. Rxc8+ Bxc8 21. Qg5 Nec6 22. g4 hxg4 23. Qxg4 Rc7 24. Bxg7 Kxg7 25. h5 Ne7 26. h6+ Kh8 27. Qh4 Ng8 28. h7 1-0